AH International Schools' Libraries

(Khmer) The wise owlet / (Record no. 49893)

MARC details
000 -LEADER
fixed length control field 00315nam a22001097a 4500
008 - FIXED-LENGTH DATA ELEMENTS--GENERAL INFORMATION
fixed length control field 251209b |||||||| |||| 00| 0 eng d
020 ## - INTERNATIONAL STANDARD BOOK NUMBER
International Standard Book Number 9789995088828
245 ## - TITLE STATEMENT
Title (Khmer) The wise owlet /
Statement of responsibility, etc Kimsun Sotheary.
260 ## - PUBLICATION, DISTRIBUTION, ETC. (IMPRINT)
Place of publication, distribution, etc Cambodia:
Name of publisher, distributor, etc Reading Book;
Date of publication, distribution, etc 2007.
300 ## - PHYSICAL DESCRIPTION
Extent 28 p.
Other physical details col. ill.
Dimensions 25 cm.
942 ## - ADDED ENTRY ELEMENTS (KOHA)
Source of classification or shelving scheme
Item type Book
Holdings
Withdrawn status Lost status Source of classification or shelving scheme Damaged status Not for loan Collection code Home library Current library Date acquired Total Checkouts Full call number Barcode Checked out Date last seen Date last borrowed Price effective from Koha item type
          Siem Riep Asian Hope Siem Reap Asian Hope Siem Reap 12/09/2025 2 KHMER E KIM 209669 04/30/2026 04/30/2026 04/30/2026 12/09/2025 Book

For any Logos Library related questions please contact Miss Art at swongnarasuk@asianhope.org.

For any Asian Hope Library related questions please contact Miss Raza at graza@asianhope.org.

Powered by Koha